|
|
|
|
| LEADER |
00000nab a2200000 a 4500 |
| 001 |
vtls000242379 |
| 003 |
SK-MaSNL |
| 005 |
20260303191148.0 |
| 008 |
131029c1986 xo 0 slo |
| 015 |
|
|
|a SNBRB19rr/mm-uuuuu
|
| 035 |
|
|
|a CL0252493
|
| 040 |
|
|
|a SNKBUCL
|b slo
|c SNKBUCL
|e AACR2
|
| 041 |
0 |
|
|a slo
|
| 044 |
|
|
|a xo
|c SK
|
| 080 |
|
|
|a 82:7.096
|2 1981
|
| 080 |
|
|
|a 7.096
|2 1981
|
| 100 |
1 |
|
|a Žilková, Marta,
|d 1942-
|4 aut
|9 88073
|
| 245 |
1 |
0 |
|a Prístup k rozhlasovej adaptácii
|c Marta Žilková
|
| 500 |
|
|
|a V rubrike Zápisník.
|
| 650 |
0 |
7 |
|a literatúra a rozhlas
|2 snkbucl
|9 923609
|
| 655 |
|
7 |
|a články z novín a časopisov
|2 snkbucl
|9 267496
|
| 655 |
|
7 |
|a články z odboru literárna veda a krásna literatúra
|2 snkbucl
|9 770045
|
| 773 |
0 |
|
|t Slovenské pohľady
|g Roč. 102, č. 3 (1986), s. 150-151
|
| 850 |
|
|
|a Slovenská národná knižnica v Martine
|a MTA001
|
| 852 |
|
|
|a SNK
|b KIS3GCP
|
| 958 |
|
|
|a RK
|
| 958 |
|
|
|a LX
|
| 992 |
|
|
|a RBX
|
| 999 |
|
|
|c 2139673
|d 2141603
|